000 01142nam a2200265Ia 4500
003 OSt
005 20221005103815.0
006 a|||||r|||| 00| 0
007 ta
008 221004b |||||||| |||| 00| 0 san d
020 _a9788178542508 (hbk)
_c750
024 _a14895
037 _b48, 30/10/2014, Mallika Books
_cTextual
040 _aCRL
_cCRL
_bsan
041 _2san
_asan
082 _aO15,1N13:g, 152Q3
100 _aदुबे, कमलेश कुमार
245 0 _aआचार्य डॉ. प्रभुदयाल अग्निहोत्री जी का संस्कृतवाड़्मय को योगदान
246 _aĀchārya ḍaॉprabhudayāl agnihotrī jī kā sanskṛutavāḍ़maya ko yogadāna
260 _aदिल्ली
_bईस्टर्न बुक लिंकर्स भारत
_c2013
300 _a256पृ0
_ccm.
650 _aसंस्कृत साहित्य
942 _hO15,1N13:g, 152Q3
_cTEXL
_2cc
999 _c1010972
_d1010972